[Event "15th Deltalift Open 2018"]
[Site "Halmstad"]
[Date "2018.05.11"]
[Round "6"]
[White "Lindberg, Bengt"]
[Black "Hector, Jonny"]
[Result "1/2-1/2"]
[WhiteElo "2404"]
[BlackElo "2497"]
[Annotator "TA"]
[PlyCount "155"]
[EventDate "2018.??.??"]
[EventType "swiss"]
[EventCountry "SWE"]
[SourceTitle "playchess.com"]
[Source "ChessBase"]
[SourceQuality "1"]

{[%evp 20,155,78,36,45,43,49,45,54,44,44,37,41,0,25,18,28,32,56,31,31,19,24,17,26,29,66,0,18,16,60,35,43,53,52,0,69,38,90,2,13,0,0,0,0,0,23,0,59,18,18,18,28,31,35,23,38,29,45,45,77,77,77,77,77,77,111,93,135,142,137,135,138,138,121,117,172,150,125,131,130,76,84,55,68,0,91,93,111,111,111,111,111,111,111,97,97,17,25,25,34,25,103,103,103,102,102,82,102,102,102,102,101,34,34,34,34,34,34,34,34,34,34,34,34,34,34,34,34,34,34,34,34,0,34,34,34,34]} 1. e4 e5 2. Nf3 Nc6 3. Bb5 a6 4. Ba4 d6 5. O-O Bg4 6. h3 h5 7. Bxc6+ bxc6 8. d4 Qf6 9. Nbd2 {C72: Ruy Lopez: Deferred Steinitz: 5 0-0} g5 (9... Be6 10. Nb3 Qg6 11. Ng5 Bd7 12. dxe5 dxe5 13. f4 exf4 14. Bxf4 Be7 15. Qd2 Rd8 16. Nxf7 Qxf7 17. Bxc7 {1-0 (26) Shirov,A (2736)-Sokolov,I (2706) Wijk aan Zee 2004}) 10. dxe5 dxe5 11. Nc4 {LiveBook: 4 Games. White is better.} Bxf3 $1 12. Qxf3 Qxf3 13. gxf3 f6 14. Na5 $146 ({Predecessor:} 14. Be3 O-O-O 15. Na5 Ne7 16. Rfd1 Rd6 {1-0 (33) Spitzl,V (2146)-Zeller,F (2397) Germany 2017}) 14... Ne7 15. Be3 Ng6 16. Kg2 c5 17. Rad1 Rb8 18. b3 Bd6 19. Nc4 Rd8 20. Rd5 Rh7 21. Rfd1 {[%cal Rc4d6]} Rhd7 22. Na5 Rb8 23. Nc4 {[%cal Rc4d6]} Rbd8 24. Kf1 Nf8 25. c3 Ne6 26. Na5 Rb8 $1 27. Nc4 (27. a3 $14) 27... Ke7 (27... Rbd8 $1 $11) 28. Bc1 Rg8 ({Black should play} 28... Nf4 $14) 29. Ne3 (29. Na5 $16) 29... Rgd8 $11 30. Nf5+ Ke8 31. Be3 Bf8 32. Ng3 Ng7 33. Ke2 Bd6 (33... Rd6 $11) 34. Nf1 (34. h4 $5) 34... Ne6 35. Nd2 Rg7 36. Nc4 Be7 37. Rxd8+ (37. h4 {feels hotter.} gxh4 38. Rh1 Rh7 39. Rxh4 Kf7 40. Kf1) 37... Bxd8 38. Na5 Be7 39. Nc6 $36 {[%mdl 2048] White is more active.} Bd6 40. Nb8 $1 Kd8 41. Nxa6 Kc8 {Black wants to play ...Kb7.} 42. b4 $1 {[%cal Rb4c5]} cxb4 43. Nxb4 g4 44. fxg4 hxg4 45. hxg4 Rxg4 {[#]} 46. Kf3 $1 {[%cal Rf3g4]} Rg7 47. Nd5 Rf7 (47... Nc5 $16 48. Rb1 Rf7) 48. Nb6+ Kb7 49. Nc4 Kc6 50. Rd5 (50. Kg4 $142) 50... Rf8 51. Na5+ Kd7 52. c4 ({White should try} 52. a4 $14) 52... Ra8 {[#]} (52... c6 $1 $11 53. Rd1 c5) 53. Nb3 $1 $16 {Black must now prevent c5.} Rxa2 54. c5 Ra3 55. Rd3 Rxb3 56. Rxb3 Bxc5 57. Kg4 Bxe3 58. fxe3 {[%mdl 4096] Endgame KR-KN} ({Better is} 58. Rxe3 $16 {With the idea Kf5.} Nd4 59. f4) 58... Nc5 $11 59. Rb4 {Hoping for Kf5.} Ke6 60. Kf3 {Rc4 is the strong threat.} f5 (60... Kd7 $11 {keeps the balance.}) 61. exf5+ $16 Kxf5 62. Rb5 Ne4 63. Rb8 Nd2+ 64. Ke2 Nc4 65. Rb4 Nd6 66. Kf3 (66. Ra4 $16) 66... e4+ $14 67. Ke2 Ke5 68. Rb8 c5 69. Rh8 Nf5 70. Kd2 Kd5 71. Rh3 Ke5 72. Kc2 Kd5 73. Kc3 Kc6 74. Kd2 Kd5 75. Rh5 Ke6 76. Rh8 Kd5 77. Rd8+ Ke5 78. Re8+ {Precision: White = 49%, Black = 55%.} 1/2-1/2

[Event "15th Deltalift Open 2018"]
[Site "Halmstad"]
[Date "2018.05.11"]
[Round "6"]
[White "Lokander, Martin"]
[Black "Blomstrom, Lars"]
[Result "1-0"]
[WhiteElo "2386"]
[BlackElo "2163"]
[Annotator "TA"]
[PlyCount "63"]
[EventDate "2018.??.??"]
[EventType "swiss"]
[EventCountry "SWE"]
[SourceTitle "playchess.com"]
[Source "ChessBase"]
[SourceQuality "1"]

{[%evp 25,63,56,82,25,55,52,52,56,61,48,55,52,75,87,143,144,254,251,221,193,431,432,363,292,1493,1489,1472,1445,1203,247,516,508,581,575,559,554,558,552,5106,2420]} 1. d4 Nf6 2. c4 g6 3. Nc3 Bg7 4. e4 d6 5. Be2 O-O 6. Nf3 Nbd7 7. O-O e5 8. Be3 c6 9. d5 c5 10. Ne1 Ne8 11. g4 f5 12. gxf5 {E94: King's Indian: Classical: 6 Be2 e5 7 0-0: Various Black 7th moves} gxf5 13. exf5 Ndf6 {LiveBook: 9 Games} (13... Nb6 14. Kh1 Bxf5 15. Nf3 Nf6 16. Ng5 Qd7 17. Rg1 Rae8 18. Rg3 Kh8 19. Qd2 Na4 20. Nxa4 Qxa4 {½-½ (33) Mchedlishvili,M (2603)-Bortnyk,O (2610) Riadh 2017}) 14. Nf3 (14. Qc2 $16) 14... Bxf5 $11 15. Ng5 Qe7 16. Kh1 Kh8 17. Rg1 Nc7 18. f3 $146 ({Predecessor:} 18. Qd2 h6 19. Ne6 Nxe6 20. dxe6 {1-0 (56) Borkovec,M (2229)-Ivanov,M (2486) Tabor 2010}) 18... Rad8 19. Bd3 Bxd3 (19... Nh5 $142) 20. Qxd3 $16 e4 (20... Bh6 $16) 21. fxe4 $18 h6 22. e5 hxg5 $2 {[#]} (22... Qxe5 23. Ne6 Nxe6 24. dxe6 Qxe6) 23. exf6 Bxf6 24. Rae1 Rde8 $2 (24... Qh7 25. Qxh7+ Kxh7) 25. Bxg5 Qh7 26. Bxf6+ Rxf6 27. Qxh7+ (27. Ne4 $142 Qh4 28. Re2 Rxe4 29. Rxe4) 27... Kxh7 28. Ne4 {White is clearly winning.} Rg6 29. Rxg6 Kxg6 30. Rg1+ Kh6 31. Nxd6 Re2 32. Nf5+ {Precision: White = 74%, Black = 20%.} 1-0

[Event "15th Deltalift Open 2018"]
[Site "Halmstad"]
[Date "2018.05.11"]
[Round "6"]
[White "Bellon Lopez, Juan Manuel"]
[Black "Svorono, Gabriel"]
[Result "1-0"]
[WhiteElo "2344"]
[BlackElo "2113"]
[Annotator "TA"]
[PlyCount "115"]
[EventDate "2018.??.??"]
[EventType "swiss"]
[EventCountry "SWE"]
[SourceTitle "playchess.com"]
[Source "ChessBase"]
[SourceQuality "1"]

{[%evp 9,115,-10,60,31,57,22,21,4,58,0,0,-10,0,0,0,0,0,0,0,16,17,0,0,0,0,-17,50,50,50,27,27,25,38,37,37,37,37,22,40,37,37,37,33,14,43,7,43,0,43,43,43,43,43,43,52,52,52,52,52,51,168,161,164,153,166,166,200,198,224,193,177,180,218,180,321,224,313,298,303,283,278,228,235,227,343,332,372,475,485,484,574,555,439,120,120,120,448,407,582,475,964,964,809,812,814,804,2773,2225]} 1. d4 d5 2. Bf4 Nf6 3. e3 c5 4. dxc5 (4. Nd2 Nc6 5. c3 Bf5 6. Ngf3 e6 7. Be2 Bd6 8. dxc5 Bxc5 9. Nd4 Bg6 10. Qa4 O-O 11. Nxc6 bxc6 12. Qxc6 Rc8 13. Qa4 Re8 14. O-O e5 {0-1 (57) Le,Q (2737)-Ding,L (2777) Riadh 2017}) 4... Nc6 5. Bb5 g6 {LiveBook: 5 Games} (5... e6 $11) 6. c3 {D00: 1 d4 d5: Unusual lines} Bg7 7. Bxc6+ bxc6 8. Qa4 $146 {The position is equal.} ({Predecessor:} 8. Be5 O-O 9. Nf3 Ba6 10. b4 Bh6 11. Bxf6 exf6 {½-½ (30) Goossens,E (2302)-Foisor,S (2386) Liege 2008}) 8... Bd7 ({Black should play} 8... O-O $11) 9. Nf3 (9. Be5 $14) 9... Ne4 $11 10. Qa3 f6 11. Nfd2 Nxd2 12. Nxd2 e5 13. Bg3 O-O 14. O-O f5 15. f4 e4 16. Nb3 a5 17. Nd4 Bxd4 (17... Qe7 $11) 18. cxd4 $14 Bc8 19. Qc3 Ba6 20. Rfd1 Qc7 21. b3 a4 22. Be1 Bb5 23. h3 Qb7 24. Kh2 Rfb8 25. Rd2 Bd3 {[%cal Ra4b3]} 26. b4 Bc4 27. Rb1 Qd7 28. Bh4 Kf7 29. a3 h6 30. Rg1 Rg8 31. Rf2 Rg7 32. g4 Rag8 33. Qc2 Bb5 34. Qd1 Ke8 {[#]} ({Better is} 34... Rf8 $14) 35. Bf6 $1 $18 {[%cal Rf6g7]} Rf7 36. Be5 Qe6 37. Rfg2 {[%cal Bf2g2,Bg2g3,Bg3h3][%mdl 32]} fxg4 38. hxg4 Rh7 39. Rg3 Qf7 40. Rh3 Kd7 41. Rg2 {[%cal Bg1g2,Bg2h2,Bh2h3][%mdl 32]} h5 (41... g5 {might work better.} 42. f5 h5) 42. Kg1 Kc8 43. Kf2 hxg4 44. Qxg4+ Kb7 45. Rgh2 Rxh3 46. Rxh3 Ka8 (46... Ka7 $142 47. Rg3 Ba6) 47. Rh6 Ba6 48. Qd1 Bb5 {[#] Black hopes to continue with ...g5.} 49. Qh1 $1 Ba6 50. Rh7 Qe6 51. Rh8 $2 (51. Qh4 $18 {is more deadly. Strongly threatening Re7.} Bc8 52. Rc7) 51... Rxh8 $16 52. Qxh8+ Qc8 $2 {[%mdl 8192]} (52... Bc8 $16) 53. Qf6 $18 Qe8 (53... Ka7 {keeps fighting.} 54. Qg7+ Bb7) 54. Qd6 {White is clearly winning.} Bb7 (54... Bd3 $142 55. Qc7 Bc4) 55. Qc7 {Qa5+ would kill now.} Qc8 56. Qa5+ Ba6 57. Qxa4 Ka7 58. Qa5 {Precision: White = 56%, Black = 37%.} 1-0

[Event "15th Deltalift Open 2018"]
[Site "Halmstad"]
[Date "2018.05.11"]
[Round "6"]
[White "Hobber, Anders"]
[Black "Cramling, Pia"]
[Result "1/2-1/2"]
[WhiteElo "2320"]
[BlackElo "2448"]
[Annotator "TA"]
[PlyCount "66"]
[EventDate "2018.??.??"]
[EventType "swiss"]
[EventCountry "SWE"]
[SourceTitle "playchess.com"]
[Source "ChessBase"]
[SourceQuality "1"]

{[%evp 18,66,0,0,16,10,14,11,14,23,20,18,17,14,12,0,20,-24,6,8,10,14,11,-29,-27,-57,-52,-67,-53,-69,-73,-92,-75,-175,-181,-176,-154,-157,0,0,0,0,0,0,0,-25,27,0,0,0,14]} 1. d4 Nf6 2. Bf4 d5 3. e3 e6 4. Nf3 Bd6 5. Bg3 O-O 6. Nbd2 c5 {D02: 1 d4 d5 2 Nf3 sidelines, including 2...Nf6 3 g3 and 2...Nf6 3 Bf4} 7. c3 b6 (7... Qc7 8. Bd3 Nbd7 9. O-O b6 10. e4 Bxg3 11. hxg3 dxe4 12. Nxe4 Bb7 13. Qe2 Rfd8 14. Rad1 cxd4 15. Nxd4 a6 16. Rfe1 h6 {½-½ (37) So,W (2815)-Carlsen,M (2832) chess.com INT 2017}) 8. Bd3 Bb7 9. Qe2 Nc6 10. Rd1 {LiveBook: 75 Games} Be7 11. h3 $146 ({Predecessor:} 11. Ne5 Nd7 12. O-O c4 13. Bc2 f5 14. Nxd7 Qxd7 15. b3 b5 16. bxc4 bxc4 {1-0 (42) Golubov,S (2504)-Burmakin,V (2508) Kazan 2017}) 11... a5 12. O-O a4 13. a3 Qc8 14. c4 Na5 15. dxc5 bxc5 16. Bh4 Qc7 17. Rc1 Ne4 18. Bxe7 Qxe7 19. cxd5 exd5 20. Qd1 Bc6 21. Qc2 f5 22. Nb1 Nb3 23. Rcd1 Rad8 24. Nc3 Kh8 25. Bb5 (25. Rfe1 $17) 25... Nxc3 $19 26. Bxc6 Nxd1 27. Rxd1 Rf6 $2 {[#]} (27... Qe4 $1 $17 {[%cal Re4c2]} 28. Qe2 f4) 28. Bxa4 $11 Na5 29. Qc3 Nc4 30. Bb3 Nb6 31. Bc2 Nc4 (31... Rff8 $142) 32. Bb3 Nb6 33. Bc2 Nc4 {Precision: White = 51%, Black = 61%.} 1/2-1/2

[Event "15th Deltalift Open 2018"]
[Site "Halmstad"]
[Date "2018.05.11"]
[Round "6"]
[White "Crevatin, Leo"]
[Black "Olsson, William"]
[Result "1-0"]
[WhiteElo "2251"]
[BlackElo "2059"]
[Annotator "TA"]
[PlyCount "139"]
[EventDate "2018.??.??"]
[EventType "swiss"]
[EventCountry "SWE"]
[SourceTitle "playchess.com"]
[Source "ChessBase"]
[SourceQuality "1"]

{[%evp 18,139,29,20,46,14,25,4,65,26,21,0,0,-32,-31,-53,-53,-42,0,0,15,2,25,5,35,48,28,14,155,135,143,147,150,135,154,158,140,143,208,217,204,199,175,131,370,386,367,329,444,424,518,505,502,513,518,574,563,563,508,530,578,556,555,523,579,565,579,579,529,455,579,579,579,579,579,579,579,579,579,579,557,557,765,765,736,638,906,887,1048,898,1026,951,1216,1112,1315,1346,1317,1223,1324,760,742,681,896,755,1100,1123,1147,1007,2021,1835,1429,1797,1770,1711,1642,1617,1506,1309,1553,1405,29978,3515,29985,29986]} 1. d4 d5 2. c4 c6 3. Nf3 Nf6 4. Nbd2 Bf5 5. Nh4 Bg4 (5... Be6 6. e3 g6 7. b3 Bg7 8. Bb2 O-O 9. Be2 Ne4 10. O-O c5 11. Nxe4 dxe4 12. Qc2 f5 {0-1 (54) Svane,R (2595)-Van Foreest,J (2609) Germany 2017}) 6. h3 {D11: Slav Defence: 3 Nf3 sidelines and 3...Nf6 4 e3 Bg4} Bh5 7. g4 Bg6 8. Nxg6 hxg6 9. Bg2 e6 10. e3 {LiveBook: 3 Games} Bd6 11. Qc2 Nbd7 12. b3 $146 ({Predecessor:} 12. Rb1 Qe7 13. a3 {½-½ (30) Torres Bravo,C (2309)-Squella Lavin,C (2249) Valdivia 2016}) 12... Qe7 (12... a5 $11) 13. Bb2 g5 14. a3 Nf8 15. e4 dxe4 16. Nxe4 Nxe4 17. Bxe4 Bf4 18. Kf1 Nd7 19. Re1 Kf8 20. Kg2 Nf6 21. d5 cxd5 22. cxd5 exd5 {[#]} (22... e5 $1 $11) 23. Bxd5 $1 $16 {[%mdl 512]} Qd7 (23... Nxd5 24. Rxe7) 24. Bf3 Rc8 25. Qe2 Qc7 26. Qb5 b6 27. Re2 Qc5 (27... Qd7 $16 28. Qxd7 Nxd7) 28. Qa6 $18 Qc7 29. Rhe1 Rd8 {[#]} 30. Re7 $1 {[%mdl 512]} Qxe7 $2 (30... Rd7 $16 {is a better defense.} 31. Rxd7 Nxd7) 31. Rxe7 Kxe7 32. Qxa7+ Rd7 33. Qxb6 Rhd8 34. Qc5+ Rd6 35. Be5 Bxe5 36. Qxe5+ Kf8 37. b4 Nd5 38. Bxd5 Rxd5 {[%mdl 4096] Endgame KQ-KRR} 39. Qc3 Kg8 40. a4 Rd3 41. Qe5 R3d5 42. Qe7 R5d7 43. Qxg5 Rd5 44. Qe7 R5d7 45. Qc5 Rd5 46. Qb6 R5d6 47. Qa5 Rb8 48. b5 Rdb6 49. Qb4 f5 50. Qc4+ Kh8 51. gxf5 Kh7 52. Kf3 Rf6 53. Kf4 Rh6 54. Kg4 Rhb6 55. Kg5 Kh8 56. h4 {[%cal Bh3h4,Bh4h5][%mdl 32]} Kh7 57. h5 Kh8 58. Kf4 Kh7 59. Ke4 R6b7 60. Kd3 Ra8 61. Kc3 Rba7 62. Kb3 Rb7 63. Qe4 Rab8 64. f6+ Kg8 65. fxg7 Kxg7 66. Qg6+ Kh8 67. Qf6+ Kh7 68. Kb4 Rb6 69. Qf5+ (69. Qe5 $142 Kh6 70. a5 Rxb5+ 71. Qxb5 Rg8 72. a6 Rg4+ 73. Kc3 Rg7 74. Qc5) 69... Kh6 70. a5 {Precision: White = 75%, Black = 33%.} 1-0

[Event "15th Deltalift Open 2018"]
[Site "Halmstad"]
[Date "2018.05.11"]
[Round "6"]
[White "Haugli, Petter"]
[Black "Neretljak, Nedzad"]
[Result "0-1"]
[WhiteElo "2245"]
[BlackElo "2099"]
[Annotator "TA"]
[PlyCount "148"]
[EventDate "2018.??.??"]
[EventType "swiss"]
[EventCountry "SWE"]
[SourceTitle "playchess.com"]
[Source "ChessBase"]
[SourceQuality "1"]

{[%evp 22,148,56,52,57,44,106,92,97,33,47,45,52,51,56,41,56,29,56,41,37,42,39,37,50,28,37,34,84,78,120,104,125,74,108,71,74,16,10,-12,58,27,71,71,64,54,77,0,71,49,62,71,84,84,84,74,60,70,52,85,84,74,71,0,0,0,0,0,37,37,37,37,37,37,37,37,37,37,37,37,37,37,37,0,0,0,0,0,0,-36,-32,-32,-32,-32,-32,-49,-50,-127,-131,-131,-131,-129,-45,-386,-341,-884,-848,-870,-862,-764,-549,-1037,-1030,-921,-898,-992,-960,-804,-787,-1437,-1428,-1373,-1366,-1274,-1224,-1207,-1095,-1027,-995]} 1. c4 e5 2. Nc3 Nc6 3. g3 g6 4. Bg2 Bg7 5. Nf3 d6 6. O-O Nf6 7. d3 O-O 8. Rb1 Nh5 9. b4 {[%cal Bb2b4,Bb4b5][%mdl 32]} f5 10. b5 Ne7 11. Qb3 Kh8 12. a4 {LiveBook: 3 Games} h6 {A26: English Opening vs King's Indian with ...Nc6 and d3} (12... Rb8 13. Bg5 h6 14. Bxe7 Qxe7 15. a5 g5 16. Nd2 g4 17. Rfc1 Nf6 18. Nd5 Qf7 19. Nxf6 Bxf6 20. Bd5 {½-½ (38) Arun Prasad,S (2384)-Thipsay,P (2488) Hyderabad 2006}) 13. Ba3 c5 $146 (13... Be6 $14) ({Predecessor:} 13... Be6 14. Ne1 Rb8 15. Nc2 g5 16. Nb4 f4 17. Nbd5 Nf5 18. Qd1 g4 19. c5 Nd4 20. cxd6 cxd6 {0-1 (49) Mantovani,R (2349)-Bijlsma,N (2210) Erice 2014}) 14. bxc6 $1 $16 bxc6 {White is better.} 15. Nd2 (15. e4 $16) 15... Nf6 16. Qb4 Ne8 $1 17. e3 g5 18. Ne2 Qc7 19. d4 Rf7 20. c5 $36 {[%cal Rc5d6][%mdl 2048] White is pushing.} d5 21. dxe5 $1 Bxe5 22. Nf3 Bg7 23. h4 g4 24. Nfd4 Be5 25. Nf4 Ng7 26. Rfd1 Kh7 27. Bf1 (27. Bb2 $142) 27... Ng6 28. Nxg6 Kxg6 29. Kh2 ({Better is} 29. Qd2 $16) 29... Nh5 $11 {[%cal Re5g3]} 30. Ne2 Nf6 ({Black should play} 30... Ba6 $11 31. Bb2 Bxe2 32. Bxe5 Qxe5 33. Bxe2 Nf6) 31. Nf4+ Bxf4 32. exf4 Ne4 33. Kg1 Qd8 34. Bd3 (34. a5 $16) 34... Qf8 (34... Rb7 $11 {keeps the balance.} 35. Qe1 Rxb1 36. Rxb1 Qe7) 35. Qd4 Qg7 36. Bb2 Qxd4 37. Bxd4 h5 38. Rb2 Rb7 39. Rxb7 $1 Bxb7 40. Rb1 Nd2 41. Rxb7 {Rg7+ would kill now.} Nf3+ 42. Kg2 (42. Kf1 $16 {Threatening mate with Rg7+.} Nxd4 43. a5) 42... Nxd4 {[%mdl 4096] Endgame KRB-KRN} 43. a5 {[%cal Ba4a5,Ba5a6,Ba6a7][%mdl 32]} Ne6 44. Bf1 Rc8 45. Rxa7 Nxc5 46. a6 d4 47. Re7 d3 48. a7 d2 49. Be2 {Strongly threatening Rc7!} Ne4 50. Rc7 Ra8 $1 51. Rxc6+ Kf7 52. Ra6 Nc3 53. Kf1 d1=Q+ 54. Bxd1 Nxd1 {KRN-KR} 55. Ke2 Nc3+ 56. Ke3 Nb5 57. Ra5 Nd6 {And now ...Nc4+ would win.} 58. Kd4 Ke6 {Threatens to win with ...Rxa7!} 59. Re5+ ({White should try} 59. Kd3 $1 $15) 59... Kf6 $1 $17 60. Kd5 {[#] Hoping for Re6+.} Nc8 $1 61. Re6+ {[#]} Kf7 (61... Kg7 $1 $17 62. Ke5 Rxa7 63. Kxf5 Ra5+ 64. Ke4 Kf7) 62. Rh6 $2 {[%mdl 8192]} (62. Ke5 $15) 62... Ne7+ $19 63. Ke5 $2 (63. Kd6 Rxa7 64. Rxh5) 63... Rxa7 {Black is clearly winning.} 64. Rxh5 Ra5+ 65. Kd4 Ra2 66. Ke3 Nd5+ 67. Kd4 Ke6 68. Rh6+ Nf6 69. Ke3 Kf7 70. Rh8 Ne4 71. Rb8 Rxf2 72. h5 Rf3+ 73. Kd4 Nxg3 74. Rb7+ Kf6 {Precision: White = 42%, Black = 56%.} 0-1

[Event "15th Deltalift Open 2018"]
[Site "Halmstad"]
[Date "2018.05.11"]
[Round "6"]
[White "Nilsson, Anders"]
[Black "Johnson, Daniel"]
[Result "1-0"]
[WhiteElo "2226"]
[BlackElo "2028"]
[Annotator "TA"]
[PlyCount "187"]
[EventDate "2018.??.??"]
[EventType "swiss"]
[EventCountry "SWE"]
[SourceTitle "playchess.com"]
[Source "ChessBase"]
[SourceQuality "1"]

{[%evp 22,187,37,38,106,105,105,105,95,99,178,195,209,100,100,98,77,90,108,101,116,118,143,118,128,146,125,92,85,70,75,18,33,37,64,53,40,43,167,171,210,90,157,150,202,160,224,132,193,177,219,204,196,172,266,268,289,277,279,200,198,186,275,262,871,845,966,970,875,728,869,851,29970,6927,5712,5612,29945,29946,6705,6295,29968,29970,29973,29971,29974,29974,29976,29976,29974,29975,29978,29968,29969,29968,29965,29966,29970,29963,29972,29954,5197,4678,29967,29971,29970,29970,29971,29970,29971,29970,29970,29967,29972,29973,29973,29961,29975,29976,29976,29977,29977,29975,29975,0,29977,29977,29976,29976,29982,29983,29983,29984,29984,29977,29980,29981,29981,29982,29982,29979,29986,29980,29987,29988,29992,29993,29993,29994,29994,29985,29985,29986,29986,29987,29987,29988,29988,29989,29989,29990,29990,29991,29991,29992,29992,29993,29993,29993]} 1. d4 d5 2. Nf3 Nf6 3. c4 e6 4. Nc3 Be7 5. cxd5 exd5 6. Bg5 c6 7. Qc2 O-O 8. e3 Nbd7 9. Bd3 Re8 10. O-O Nf8 11. Rae1 Be6 12. Ne5 {LiveBook: 65 Games} Ne4 {D36: Queen's Gambit Declined: Exchange Variation: Main line (5 Bg5 c6 6 Qc2)} (12... Ng4 $14 13. Bxe7 Qxe7) (12... N6d7 13. Bxe7 Rxe7 14. f4 f6 15. Nf3 Rc8 16. f5 Bf7 17. Qf2 h6 18. Nh4 Qc7 19. g4 Rce8 20. Ng2 Qd6 21. Nf4 b5 {½-½ (40) Ragger,M (2657)-Agrest,E (2579) Bilbao 2014}) 13. Bxe7 $16 Qxe7 14. Nxe4 $146 ({Predecessor:} 14. Bxe4 dxe4 15. Qxe4 f6 16. Nd3 Qf7 17. Qf3 Bxa2 18. Nxa2 Qxa2 19. Ra1 Qf7 20. Rfd1 a6 21. h4 Ne6 22. Ra5 {½-½ (22) Dosov,N (2326)-Medybayev,R Astana 2012}) 14... dxe4 {White is better.} 15. Bxe4 Bxa2 (15... f6 $16) 16. b3 $18 {Black must now prevent Bd3.} f6 17. Qxa2 (17. f4 $1 $18 {is more deadly.}) 17... fxe5 $16 18. d5 $1 {[%cal Rd5c6]} cxd5 19. Bxd5+ Kh8 20. Rc1 a6 21. Qa5 Red8 22. Rfd1 Rac8 23. Rxc8 Rxc8 24. Qb6 Rd8 25. e4 Ne6 26. Qe3 (26. g3 $16) 26... Nf4 27. g3 Qg5 28. Kh1 Qh5 29. f3 Ng6 ({Black should try} 29... Nxd5 $14 30. exd5 (30. Rxd5 Rc8 $16) 30... Qe8) 30. Rc1 $40 {[%mdl 128] White has strong attack.} Qh3 31. Qf2 (31. Bxb7 $18 {and White stays clearly on top.} a5 32. Bd5) 31... Qd7 (31... b5 $142) 32. Qb6 Rf8 (32... Ne7 $16) 33. Kg2 ({But not} 33. Bxb7 $6 Qd3 $16) 33... Qe7 (33... Ne7 $16) 34. Qe3 ({Better is} 34. h4 $18) 34... Qa3 (34... Qd7 $16 {keeps fighting.}) 35. Bxb7 $18 Qb2+ {[#]} 36. Kh3 $1 a5 {intending ...a4.} 37. Rc8 Qa3 (37... Rxc8 {was necessary.} 38. Bxc8 Qc2) 38. Qc5 Qxc5 39. Rxc5 Rxf3 40. Rxa5 {[%mdl 4096] Endgame KRB-KRN} h5 41. Bd5 Nf4+ (41... Kh7 $142 42. b4 Ne7) 42. Kh4 Ng2+ $2 (42... Nxd5 43. Rxd5 Rf2 44. Kxh5 Rxh2+ 45. Kg5 Rg2) 43. Kxh5 {White threatens Ra8+ and mate.} Rf6 44. Ra8+ Kh7 45. Bg8+ Kh8 46. Kg5 Ne3 47. Be6+ (47. h4 $142 Ng4 48. h5 g6 49. Bd5+ Kg7 50. Rg8+ Kh7 51. hxg6+ Rxg6+ 52. Rxg6) 47... Kh7 {[#]} 48. Bf5+ $1 Nxf5 49. exf5 {KR-KR} Rb6 50. Re8 Rxb3 51. Rxe5 Rb6 52. Re6 Rb7 53. h4 {[%cal Bh2h4,Bh4h5][%mdl 32]} Rf7 54. g4 Ra7 55. h5 Rb7 56. Re4 Rb1 57. Re7 Rb6 58. Ra7 Rc6 59. Ra4 Rc1 60. Rf4 Rc5 61. Kh4 Rc1 62. f6 gxf6 63. Rxf6 Kg7 64. Rg6+ Kh7 65. Ra6 Rc7 66. Ra4 Rc1 67. Ra7+ Kh8 68. h6 Rc4 69. Kh5 Rc5+ 70. g5 Rb5 71. Ra6 Kh7 72. Ra7+ Kh8 73. Rf7 {White mates.} Kg8 74. Re7 Kh8 75. Kg6 {[%cal Re7e8]} Rb6+ 76. Kf5 Rb1 77. Ke6 Re1+ 78. Kf7 Rf1+ 79. Kg6 Rf8 80. Re6 Ra8 81. Re5 Rb8 82. Kh5 Ra8 83. g6 Rb8 84. Kg5 Rg8 85. g7+ Kh7 86. Rf5 Ra8 87. Rf8 {[%csl Gf8][%cal Rg7g8]} Ra5+ 88. Kf6 {[%csl Gg7][%cal Rf8h8]} Ra6+ 89. Ke5 Ra5+ 90. Kd4 Ra4+ 91. Kc3 Ra3+ 92. Kb2 Rg3 93. Rh8+ Kg6 94. g8=R+ {Precision: White = 51%, Black = 28%.} 1-0